| 000 | 00372 a2200157 4500 | ||
|---|---|---|---|
| 999 |
_c12921 _d12921 |
||
| 003 | OSt | ||
| 005 | 20240801153310.0 | ||
| 008 | 240801b ||||| |||| 00| 0 eng d | ||
| 020 | _a9781910706657 | ||
| 082 | _a741 | ||
| 100 | _a Sarah Wimperis | ||
| 245 | _aQuick Draw People: Step-by-Step Masterpieces | ||
| 260 |
_bBook House _c2017 |
||
| 300 | _a128p; | ||
| 942 | _2ddc | ||